000 00804nam a2200265 i 4500
001 C2-0339829
003 PPAK
005 20180728141914.0
008 161227s2016 xxka|||| ||||| | eng d
020 _a9781910619872
040 _aPPAK
_beng
_cPPAK
_erda
082 0 4 _a741.5
_223
090 0 0 _a741.5
_bTWA
_dG
100 1 _aTwain, Mark,
_d1835-1910
_eauthor
245 1 4 _aThe adventures of Huckleberry Finn
264 1 _aBerkshire, UK :
_bCCS Books ,
_c2016
300 _a51 pages :
_bcolour illustrations ;
_c25 cm
336 _2rdacontent
_atext
337 _2rdamedia
_aunmediated
338 _2rdacarrier
_avolume
490 1 _aClassics illustrated
650 1 0 _aComic books, strips, etc. ; Finn, Huckleberry - (Fictitious character)
830 0 _aClassics illustrated
942 _ddc
_cB
999 _c137054
_d137054